000 00549nam a2200205Ia 4500
003 BUBTL
008 151213s9999 xx 000 0 und d
020 _a0-903772-11-6
082 _a677DYR
100 _a Dyson,Eric
_91071
245 _aRotor Spinning Technical And Economic Aspects
260 _aEngland
_bThe Textile Trade Press
_cc1975
300 _a[v],344p.
_bills.
_c20cm.
650 _aTextile
650 _aTextile
700 _a Dyson,Eric
_91072
856 _k0
_l0
_yDownload
942 _2ddc
_cBK
999 _c4076
_d4076